Brechas salariales entre el sector público y privado en Chile: evidencia a partir de datos longitudinales /
Guardat en:
| Autor principal: | |
|---|---|
| Altres autors: | |
| Format: | Text |
| Etiquetes: |
Afegir etiqueta
Sense etiquetes, Sigues el primer a etiquetar aquest registre!
|
MARC
| LEADER | 00000 a a2200000 04500 | ||
|---|---|---|---|
| 001 | 47533 | ||
| 003 | |||
| 040 | |||
| 100 | |a Navarro, Lucas | ||
| 245 | |a Brechas salariales entre el sector público y privado en Chile: |b evidencia a partir de datos longitudinales / |c Lucas Navarro, Javiera Selman | ||
| 700 | |a Selman, Javiera | ||
| 773 | |g número112, (2014), páginas 93-110 : tablas | ||
| 999 | |c 31729 |d 31729 | ||
